Management of government information resource in libraries
| Main Author: | |
|---|---|
| Format: | Book |
| Published: |
Englewood :
Libraries Unlimited Inc. ,
1993
|
| Subjects: |
MARC
| LEADER | 00000cam a2200000 7i4500 | ||
|---|---|---|---|
| 001 | 0000002879 | ||
| 005 | 20050427.0 | ||
| 020 | |a 1563080516 | ||
| 040 | |a INS | ||
| 090 | 0 | 0 | |a RZ675.063 |b S63 1993 |
| 100 | 1 | |a Smith, Diane H. | |
| 245 | 1 | 0 | |a Management of government information resource in libraries |c Diane H. Smith |
| 260 | |a Englewood : |b Libraries Unlimited Inc. , |c 1993 | ||
| 300 | |a 260 p. ; |c 24 cm. | ||
| 650 | 0 | 0 | |a Documents libraries |z United States |
| 999 | |a 0000005781 |b BOOK |c Reference |e Default branch | ||